SocIAL ServIces in British Industry (Record no. 607552)

MARC details
000 -LEADER
fixed length control field 00515nam a22001937a 4500
008 - FIXED-LENGTH DATA ELEMENTS--GENERAL INFORMATION
fixed length control field 260108b |||||||| |||| 00| 0 eng d
020 ## - INTERNATIONAL STANDARD BOOK NUMBER
ISBN 9780415177245
Paper back/Hardbound hbk
041 ## - LANGUAGE CODE
Language code of text/sound track or separate title eng
082 ## - DEWEY DECIMAL CLASSIFICATION NUMBER
Classification number 301
Item number YOU
100 ## - MAIN ENTRY--AUTHOR NAME
Personal name Young. A. F.
245 ## - TITLE STATEMENT
Title SocIAL ServIces in British Industry
Statement of responsibility, etc by A. F. Young
260 ## - PUBLICATION, DISTRIBUTION, ETC. (IMPRINT)
Place of publication London
Name of publisher Routledge
Year of publication 1968
300 ## - PHYSICAL DESCRIPTION
Number of Pages 258 p.
Dimensions 23 cm.
504 ## - BIBLIOGRAPHY, ETC. NOTE
Bibliography, etc Includes index
650 ## - SUBJECT ADDED ENTRY--TOPICAL TERM
Topical Term Business & Economics
Topical Term Labor & Workers' Economics
942 ## - ADDED ENTRY ELEMENTS (KOHA)
Koha item type English Books
Holdings
Withdrawn status Lost status Damaged status Not for loan Home library Current library Shelving location Date acquired Full call number Accession Number Price effective from Koha item type
        Anna Centenary Library Anna Centenary Library 3RD FLOOR, B WING 23.08.2010 301 YOU 178108 08.01.2026 English Books

Find us on the map